[Event "TUR-chT 2nd League"]
[Site "Konya"]
[Date "2019.07.25"]
[Round "6.12"]
[White "Okur, Kadir"]
[Black "Eker, Mahmut"]
[Result "1-0"]
[WhiteElo "1844"]
[BlackElo "1651"]
[PlyCount "97"]
[EventDate "2019.07.22"]
[EventType "team-swiss"]
[EventRounds "9"]
[EventCountry "TUR"]
[SourceTitle "CBM 191 Extra"]
[Source "ChessBase"]
[SourceDate "2019.09.30"]
[SourceVersion "1"]
[SourceVersionDate "2019.09.30"]
[SourceQuality "1"]
[WhiteTeam "Ceylanpinar Genclik"]
[BlackTeam "Mardin Kale"]
[WhiteTeamCountry "TUR"]
[BlackTeamCountry "TUR"]

1. d4 d5 2. e3 Bf5 3. Bd3 Bxd3 4. Qxd3 Nf6 5. Qb5+ Nbd7 6. Qxb7 e6 7. Qa6 c5 8. Nf3 c4 9. c3 Qc7 10. Qa4 Bd6 11. 0-0 0-0 12. Nbd2 Ng4 13. h3 Nh2 14. Nxh2 Bxh2+ 15. Kh1 f5 16. Qc2 Bd6 17. Nf3 a5 18. b3 cxb3 19. axb3 Rac8 20. Bd2 Bb4 21. Rfc1 Nf6 22. Qa2 Ne4 23. cxb4 Nxf2+ 24. Kg1 Qg3 25. Be1 Nxh3+ 26. Kh1 Qg4 27. Qe2 Ng5 28. Ng1 Qe4 29. Nf3 Qg4 30. Qf2 Ne4 31. Qh4 Qg6 32. bxa5 Qe8 33. Ng5 Nf6 34. a6 Rxc1 35. Rxc1 Qb5 36. Bg3 Qxa6 37. b4 Qa3 38. Rb1 Rc8 39. Bh2 Qxe3 40. Qe1 Qxe1+ 41. Rxe1 Rc4 42. Rb1 Rc6 43. b5 Rb6 44. Bc7 Rb7 45. Nxe6 Ne8 46. b6 Nxc7 47. Nxc7 Kf7 48. Na6 Ke7 49. Nc5 1-0

[Event "TUR-chT 2nd League"]
[Site "Konya"]
[Date "2019.07.23"]
[Round "3.8"]
[White "Zengin, Hande"]
[Black "Okur, Kadir"]
[Result "1/2-1/2"]
[WhiteElo "1661"]
[BlackElo "1844"]
[PlyCount "55"]
[EventDate "2019.07.22"]
[EventType "team-swiss"]
[EventRounds "9"]
[EventCountry "TUR"]
[SourceTitle "CBM 191 Extra"]
[Source "ChessBase"]
[SourceDate "2019.09.30"]
[SourceVersion "1"]
[SourceVersionDate "2019.09.30"]
[SourceQuality "1"]
[WhiteTeam "Ego Spor"]
[BlackTeam "Ceylanpinar Genclik"]
[WhiteTeamCountry "TUR"]
[BlackTeamCountry "TUR"]

1. d4 d5 2. c4 e6 3. g3 Nf6 4. Nf3 Be7 5. Bg2 0-0 6. 0-0 b6 7. cxd5 exd5 8. Nc3 Bb7 9. Bf4 Nh5 10. Bd2 c5 11. Rc1 Nd7 12. Re1 f5 13. a4 a6 14. dxc5 Nxc5 15. b4 Ne4 16. Qb3 Kh8 17. Red1 Qd6 18. b5 d4 19. Be1 Bf6 20. Nxe4 fxe4 21. Nxd4 Bxd4 22. e3 Qh6 23. Rxd4 axb5 24. axb5 Nf6 25. Rd6 Qh5 26. Rxb6 Bd5 27. Qb4 Ng4 28. h3 1/2-1/2

[Event "TUR-chT2"]
[Site "Konya"]
[Date "2016.07.21"]
[Round "8.9"]
[White "Yazici, Ugur Doga"]
[Black "Okur, Kadir"]
[Result "1-0"]
[WhiteElo "1994"]
[BlackElo "1806"]
[PlyCount "42"]
[EventDate "2016.07.17"]
[EventType "team-swiss"]
[EventRounds "9"]
[EventCountry "TUR"]
[SourceTitle "CBM 173 Extra"]
[Source "ChessBase"]
[SourceDate "2016.08.29"]
[SourceVersion "1"]
[SourceVersionDate "2016.08.29"]
[SourceQuality "1"]
[WhiteTeam "Ankara Ego"]
[BlackTeam "Denizli Pamukkale Yonetimi"]
[WhiteTeamCountry "TUR"]
[BlackTeamCountry "TUR"]

1. e4 c5 2. Nf3 Nc6 3. Nc3 g6 4. Bb5 Bg7 5. 0-0 e6 6. Bxc6 dxc6 7. d3 Ne7 8. Be3 b6 9. Qd2 0-0 10. Bh6 Qc7 11. Bxg7 Kxg7 12. e5 Ba6 13. Rfe1 Rad8 14. Qg5 Nd5 15. Ne4 Qe7 16. Qg3 Nb4 17. Rac1 c4 18. a3 Nd5 19. dxc4 Bxc4 20. b3 Ba6 21. c4 Nc7 1-0

[Event "TUR-chT2"]
[Site "Konya"]
[Date "2016.07.18"]
[Round "2.9"]
[White "Okur, Kadir"]
[Black "Sen, Sezgin"]
[Result "0-1"]
[WhiteElo "1806"]
[BlackElo "1820"]
[PlyCount "62"]
[EventDate "2016.07.17"]
[EventType "team-swiss"]
[EventRounds "9"]
[EventCountry "TUR"]
[SourceTitle "CBM 173 Extra"]
[Source "ChessBase"]
[SourceDate "2016.08.29"]
[SourceVersion "1"]
[SourceVersionDate "2016.08.29"]
[SourceQuality "1"]
[WhiteTeam "Denizli Pamukkale Yonetimi"]
[BlackTeam "Izmir Karsiyaka"]
[WhiteTeamCountry "TUR"]
[BlackTeamCountry "TUR"]

1. d4 g6 2. e3 Bg7 3. Bd3 d6 4. f4 Nd7 5. Nf3 e5 6. 0-0 Nh6 7. fxe5 dxe5 8. b3 0-0 9. Ba3 Re8 10. Nc3 c5 11. d5 e4 12. Nxe4 Rxe4 13. Bxe4 Qa5 14. Rc1 Qxa3 15. d6 c4 16. Bd5 Qxd6 17. Ng5 Nf6 18. Bxc4 Qxd1 19. Rcxd1 Bf5 20. e4 Nxe4 21. Nxf7 Nxf7 22. Bxf7+ Kxf7 23. g4 Ke6 24. gxf5+ gxf5 25. c4 Bh6 26. Rd5 Be3+ 27. Kh1 f4 28. Rh5 Rg8 29. Rh6+ Ke5 30. Rh5+ Kd4 31. Rd1+ Kc3 0-1

[Event "TUR-chT2"]
[Site "Konya"]
[Date "2016.07.17"]
[Round "1.9"]
[White "Okur, Kadir"]
[Black "Mollaoglu, Ergin"]
[Result "1/2-1/2"]
[WhiteElo "1806"]
[BlackElo "2327"]
[PlyCount "133"]
[EventDate "2016.07.17"]
[EventType "team-swiss"]
[EventRounds "9"]
[EventCountry "TUR"]
[SourceTitle "CBM 173 Extra"]
[Source "ChessBase"]
[SourceDate "2016.08.29"]
[SourceVersion "1"]
[SourceVersionDate "2016.08.29"]
[SourceQuality "1"]
[WhiteTeam "Denizli Pamukkale Yonetimi"]
[BlackTeam "Bitlis Tatvan Egitimi"]
[WhiteTeamCountry "TUR"]
[BlackTeamCountry "TUR"]

1. d4 e6 2. e3 c5 3. Bd3 Nf6 4. f4 b6 5. Qe2 Bb7 6. Nf3 Be7 7. 0-0 0-0 8. Nbd2 d6 9. c3 Qc8 10. e4 cxd4 11. cxd4 Ba6 12. e5 Bxd3 13. Qxd3 Nd5 14. exd6 Bxd6 15. Ng5 f5 16. Nc4 Be7 17. Bd2 Nc6 18. Rae1 Bxg5 19. fxg5 Rd8 20. a3 Nde7 21. Bc3 Qd7 22. Rf2 Rac8 23. Rd2 Ng6 24. Qe3 Re8 25. Ne5 Qd5 26. Qf3 Qxf3 27. Nxf3 Nf4 28. Ne5 Nd5 29. g6 hxg6 30. Nxg6 Kf7 31. Nh4 g5 32. Nf3 g4 33. Nh4 b5 34. g3 a5 35. Rf2 Kf6 36. Rd1 b4 37. axb4 axb4 38. Be1 Red8 39. Re2 b3 40. Ng2 Nce7 41. Rd3 Rc2 42. Kf1 Rh8 43. Rxb3 Rxe2 44. Kxe2 Rxh2 45. Kf2 Nc6 46. Bc3 Nd8 47. Kg1 Rh3 48. Kf2 Nf7 49. Bd2 Nd6 50. Bf4 Ne4+ 51. Kg1 Nxf4 52. Nxf4 Rxg3+ 53. Rxg3 Nxg3 54. b4 Ne4 55. b5 Ke7 56. b6 Nd6 57. Nd3 Kd7 58. Nc5+ Kc6 59. Nxe6 Kxb6 60. Kg2 Kc6 61. Kg3 Kd5 62. Ng7 Ke4 63. Ne6 Nb5 64. Ng5+ Kxd4 65. Kf4 Nd6 66. Ne6+ Kc4 67. Ng7 1/2-1/2

[Event "Kemer Turkey Cup"]
[Site "Kemer"]
[Date "2014.02.04"]
[Round "5"]
[White "Akcan, Umit"]
[Black "Okur, Kadir"]
[Result "1/2-1/2"]
[WhiteElo "2071"]
[BlackElo "1841"]
[PlyCount "29"]
[EventDate "2014.02.01"]
[EventType "swiss"]
[EventRounds "9"]
[EventCountry "TUR"]
[SourceTitle "CBM 158 Extra"]
[Source "ChessBase"]
[SourceDate "2014.02.28"]
[SourceVersion "1"]
[SourceVersionDate "2014.02.28"]
[SourceQuality "1"]

1. e4 c5 2. Nf3 Nc6 3. Bb5 Qb6 4. Bxc6 dxc6 5. h3 g6 6. Nc3 Bg7 7. d3 Qc7 8. Be3 b6 9. Qd2 e5 10. 0-0 Ne7 11. Bh6 0-0 12. Nh2 f5 13. Bxg7 Kxg7 14. exf5 Bxf5 15. Ne2 1/2-1/2

[Event "Kemer Turkey Cup"]
[Site "Kemer"]
[Date "2014.02.01"]
[Round "1"]
[White "Okur, Kadir"]
[Black "Sari, Serdar"]
[Result "0-1"]
[WhiteElo "1841"]
[BlackElo "2051"]
[PlyCount "102"]
[EventDate "2014.02.01"]
[EventType "swiss"]
[EventRounds "9"]
[EventCountry "TUR"]
[SourceTitle "CBM 158 Extra"]
[Source "ChessBase"]
[SourceDate "2014.02.28"]
[SourceVersion "1"]
[SourceVersionDate "2014.02.28"]
[SourceQuality "1"]

1. e4 e6 2. d4 d5 3. e5 c5 4. c3 Nc6 5. Nf3 f6 6. exf6 Nxf6 7. Bd3 cxd4 8. cxd4 Bd6 9. 0-0 0-0 10. Nc3 a6 11. Bg5 Qc7 12. a3 Bd7 13. Qc2 h6 14. Bh4 Ng4 15. Bg3 Rxf3 16. gxf3 Nxh2 17. Kxh2 Nxd4 18. Qd1 Rf8 19. Bh7+ Kxh7 20. Qxd4 Rxf3 21. Qg4 Rf5 22. Rac1 Bc6 23. Ne2 Qf7 24. Bxd6 Rh5+ 25. Kg2 Rg5 26. Qxg5 hxg5 27. Nd4 Bb5 28. Nxb5 axb5 29. Rfe1 g4 30. Re3 d4 31. Rg3 e5 32. Rh1+ Kg8 33. Bb4 Qd5+ 34. Kh2 Qe4 35. Rhg1 Qf4 36. Kg2 Qe4+ 37. Kh2 Qh7+ 38. Kg2 Qe4+ 39. Kf1 d3 40. Re3 Qc4 41. Kg2 Qc2 42. Rxe5 d2 43. Re8+ Kf7 44. Rd8 Qe4+ 45. Kh2 Qf4+ 46. Kg2 Qf3+ 47. Kf1 d1Q+ 48. Rxd1 Qxd1+ 49. Kg2 Qf3+ 50. Kf1 Qd3+ 51. Kg2 Qh3# 0-1

[Event "World Amateur-ch"]
[Site "Iasi"]
[Date "2013.04.28"]
[Round "7"]
[White "Okur, Kadir"]
[Black "Antal, Istvan"]
[Result "1/2-1/2"]
[WhiteElo "1843"]
[BlackElo "1991"]
[PlyCount "176"]
[EventDate "2013.04.22"]
[EventType "swiss"]
[EventRounds "9"]
[EventCountry "ROU"]
[SourceTitle "CBM 154 Extra"]
[Source "ChessBase"]
[SourceDate "2013.06.25"]
[SourceVersion "2"]
[SourceVersionDate "2013.06.25"]
[SourceQuality "1"]

1. e4 c5 2. Ne2 Nc6 3. g3 g6 4. Bg2 Bg7 5. 0-0 e6 6. Nbc3 a6 7. a4 b6 8. d3 Bb7 9. f4 Nge7 10. Kh1 0-0 11. g4 Nd4 12. Nxd4 Bxd4 13. Qe1 f5 14. Qg3 Bg7 15. Bd2 d5 16. exd5 exd5 17. g5 Qd7 18. Rae1 d4 19. Nd1 Rfe8 20. b3 Nd5 21. h4 Rxe1 22. Rxe1 Re8 23. Qf3 Rxe1+ 24. Bxe1 Bc6 25. Qf1 Bf8 26. Bd2 Bd6 27. c4 dxc3 28. Nxc3 Nb4 29. Qe2 Kf7 30. Nd1 Nd5 31. d4 Nxf4 32. Bxf4 Bxf4 33. dxc5 Bxg2+ 34. Kxg2 Qd5+ 35. Qf3 Qxf3+ 36. Kxf3 Bc7 37. cxb6 Bxb6 38. b4 Bd4 39. b5 axb5 40. axb5 Ke6 41. Ke2 Kd5 42. Kd3 Bg1 43. Nc3+ Kc5 44. b6 Kc6 45. b7 Kxb7 46. Nd5 Bf2 47. Nf6 Bxh4 48. Nxh7 Kc6 49. Nf8 Kd5 50. Nxg6 Bxg5 51. Nf8 Kd6 52. Nh7 Be7 53. Ke3 Ke5 54. Kf3 f4 55. Kf2 Ke4 56. Ke2 Kf5 57. Kf2 Kg4 58. Kg2 Kf5 59. Kf2 Bb4 60. Ke2 Bc5 61. Kd3 f3 62. Kd2 Bb4+ 63. Ke3 Kg4 64. Nf6+ Kg3 65. Ne4+ Kg2 66. Kd3 Bc5 67. Kd2 Bd6 68. Kd3 Bc5 69. Kd2 Bd6 70. Kc3 Bf4 71. Kd3 Kf1 72. Kc3 Ke1 73. Kd4 Bd2 74. Kd3 Bc1 75. Kd4 Kd1 76. Nf2+ Ke2 77. Ng4 Bg5 78. Ke4 Bh6 79. Kd4 Bc1 80. Ke4 Ba3 81. Kd4 Bd6 82. Ke4 Bc7 83. Kd4 Kf1 84. Kd3 Kg2 85. Ke3 Kg3 86. Nf6 Bb6+ 87. Kd3 Ba7 88. Kd2 Kf2 1/2-1/2

[Event "TUR-ch"]
[Site "Antalya"]
[Date "2013.02.08"]
[Round "10"]
[White "Akyildiz, Alptug"]
[Black "Okur, Kadir"]
[Result "1/2-1/2"]
[WhiteElo "1559"]
[BlackElo "1890"]
[PlyCount "70"]
[EventDate "2013.02.02"]
[EventType "swiss"]
[EventRounds "11"]
[EventCountry "TUR"]
[SourceTitle "CBM 152 Extra"]
[Source "ChessBase"]
[SourceDate "2013.02.25"]
[SourceVersion "1"]
[SourceVersionDate "2013.02.25"]
[SourceQuality "1"]

1. d4 d5 2. c4 e6 3. Nf3 Nf6 4. Nc3 Be7 5. Bg5 0-0 6. e3 b6 7. Qc2 Bb7 8. cxd5 exd5 9. Bd3 Ne4 10. Nxe4 dxe4 11. Bxe4 Bxe4 12. Qxe4 Nc6 13. Bxe7 Nxe7 14. 0-0 Re8 15. Rac1 Nd5 16. Qc2 Rc8 17. Qa4 a5 18. Rc2 Nb4 19. Rc4 Re7 20. a3 Qd5 21. Rc3 Na6 22. Rfc1 Re6 23. Qc4 Qb7 24. Ne5 Rd8 25. Nc6 Rd7 26. d5 Re8 27. e4 Nc5 28. f3 a4 29. e5 Nb3 30. Re1 b5 31. Qd3 Qb6+ 32. Kf1 Na5 33. Nxa5 Qxa5 34. Rc5 c6 35. d6 g6 1/2-1/2

[Event "TUR-ch"]
[Site "Kemer"]
[Date "2011.02.08"]
[Round "5"]
[White "Borekcioglu, Zeynep Dilara"]
[Black "Okur, Kadir"]
[Result "0-1"]
[WhiteElo "1691"]
[BlackElo "1930"]
[PlyCount "86"]
[EventDate "2011.02.05"]
[EventType "swiss"]
[EventRounds "10"]
[EventCountry "TUR"]
[SourceTitle "CBM 140 Extra"]
[Source "ChessBase"]
[SourceDate "2011.03.01"]
[SourceVersion "1"]
[SourceVersionDate "2011.03.01"]
[SourceQuality "1"]

1. e4 c5 2. Nc3 Nc6 3. g3 g6 4. Bg2 Bg7 5. d3 d6 6. Be3 Nf6 7. h3 0-0 8. f4 Qa5 9. a4 e6 10. Nf3 d5 11. Bd2 Qb6 12. e5 Ne8 13. Qc1 f6 14. a5 Qd8 15. exf6 Nxf6 16. 0-0 Bd7 17. Ne2 Rc8 18. g4 Ne8 19. Ng3 Nd6 20. h4 c4 21. dxc4 Nxc4 22. c3 N6xa5 23. Ra2 Nb3 24. Qe1 Nbxd2 25. Nxd2 Qb6+ 26. Kh2 Nxb2 27. Qf2 Qxf2 28. Rxf2 Nd3 29. Rf1 Bxc3 30. Nb1 Bg7 31. f5 a6 32. Rd2 Nb4 33. Rfd1 gxf5 34. gxf5 exf5 35. Bxd5+ Nxd5 36. Rxd5 Rc2+ 37. Kg1 Bc6 38. R5d2 Rc4 39. h5 Rg4 40. Kf2 f4 41. Ne2 Rg2+ 42. Kf1 f3 43. Ng1 Bb5+ 0-1

[Event "TUR-ch"]
[Site "Kemer"]
[Date "2011.02.06"]
[Round "2"]
[White "Okur, Kadir"]
[Black "Fazla, Onder Zafer"]
[Result "1-0"]
[WhiteElo "1930"]
[BlackElo "1841"]
[PlyCount "69"]
[EventDate "2011.02.05"]
[EventType "swiss"]
[EventRounds "10"]
[EventCountry "TUR"]
[SourceTitle "CBM 140 Extra"]
[Source "ChessBase"]
[SourceDate "2011.03.01"]
[SourceVersion "1"]
[SourceVersionDate "2011.03.01"]
[SourceQuality "1"]

1. e4 Nf6 2. Nc3 Nc6 3. d4 d5 4. e5 Ne4 5. Bb5 Nxc3 6. bxc3 a6 7. Bd3 g6 8. f4 h5 9. Nf3 Bg4 10. 0-0 e6 11. h3 Bf5 12. a4 Ne7 13. Ng5 Bxd3 14. Qxd3 Nf5 15. a5 c5 16. Ba3 c4 17. Qd2 Bxa3 18. Rxa3 h4 19. Rb1 Rb8 20. Rb6 0-0 21. Ra2 Re8 22. Rab2 Re7 23. Qe1 Qc8 24. Nf3 Ng3 25. Nxh4 Ne4 26. Nf3 Qe8 27. R2b4 Rc7 28. Ng5 Nxg5 29. fxg5 Qd8 30. h4 Rc6 31. Rxb7 Rxb7 32. Rxb7 Qxa5 33. Qf1 f5 34. gxf6 Kf8 35. Qf4 1-0

[Event "TUR-ch"]
[Site "Kemer"]
[Date "2011.02.05"]
[Round "1"]
[White "Duman, Aydin"]
[Black "Okur, Kadir"]
[Result "1-0"]
[WhiteElo "2201"]
[BlackElo "1930"]
[PlyCount "69"]
[EventDate "2011.02.05"]
[EventType "swiss"]
[EventRounds "10"]
[EventCountry "TUR"]
[SourceTitle "CBM 140 Extra"]
[Source "ChessBase"]
[SourceDate "2011.03.01"]
[SourceVersion "1"]
[SourceVersionDate "2011.03.01"]
[SourceQuality "1"]

1. e4 c5 2. Nf3 Nc6 3. Bb5 d6 4. 0-0 Bg4 5. c3 Nf6 6. d4 Qb6 7. Na3 a6 8. Qa4 Bxf3 9. gxf3 Rc8 10. Bxc6+ Qxc6 11. Qxc6+ Rxc6 12. Be3 e6 13. dxc5 dxc5 14. Nc4 b5 15. Ne5 Rc8 16. Rfd1 Be7 17. a4 b4 18. cxb4 cxb4 19. Rac1 0-0 20. Nc6 Bd8 21. Bb6 Bxb6 22. Ne7+ Kh8 23. Rxc8 Rxc8 24. Nxc8 Bc7 25. Rc1 Be5 26. Ne7 g6 27. Rc8+ Kg7 28. Nc6 Bxb2 29. Nxb4 Nd7 30. Nxa6 Nb6 31. Rb8 Bd4 32. a5 Nd7 33. Rd8 Ne5 34. f4 Nc6 35. Rd6 1-0

[Event "Antakya op"]
[Site "Antakya"]
[Date "2010.07.16"]
[Round "2"]
[White "Bagaturov, Giorgi"]
[Black "Okur, Kadir"]
[Result "1-0"]
[WhiteElo "2447"]
[BlackElo "1923"]
[PlyCount "49"]
[EventDate "2010.07.15"]
[EventType "swiss"]
[EventRounds "9"]
[EventCountry "TUR"]
[SourceTitle "CBM 137 Extra"]
[Source "ChessBase"]
[SourceDate "2010.09.01"]
[SourceVersion "1"]
[SourceVersionDate "2010.09.01"]
[SourceQuality "1"]

1. d4 d5 2. Nf3 Nf6 3. c4 e6 4. Nc3 Be7 5. Bg5 0-0 6. e3 Nbd7 7. Qc2 b6 8. cxd5 exd5 9. Bd3 Bb7 10. 0-0 h6 11. Bf4 c5 12. Rfd1 c4 13. Bf5 Nh5 14. Be5 Re8 15. b3 Nf8 16. Nb5 Bc8 17. bxc4 Bxf5 18. Qxf5 g6 19. Qd3 dxc4 20. Qxc4 Rc8 21. Bc7 a6 22. Ne5 Ne6 23. Bxd8 Rxc4 24. Bxe7 Rc2 25. Na3 1-0